000 00307nam a22001337a 4500
008 170627b xxu||||| |||| 00| 0 eng d
020 _a9780035510705
041 _aeng
080 _a82
100 _a21
101 _aGJL
245 _aLITERATURE, STRUCTURE, SOUND AND SENSE
_cPERRINE, L
942 _2udc
_cBK
999 _c19256
_d19256